000 00446nam a2200169Ia 4500
003 GCL
008 140319s9999 xx 000 0 ara d
040 _aGCL /
_cGCL
082 0 4 _a338.47
_bع د
100 1 _aعزب احمد
245 1 0 _aالوجه السياسى للبترول /
_cعزب احمد
300 _a45 ص
490 _aاخترنا لك
_v0
650 0 4 _aالبترول
650 0 4 _aحرب اكتوبر 1973
942 _2ddc
_cBK
999 _c47084
_d47084